000
00333nam a2200133Ia 4500
008
240624s9999 xx 000 0 und d
041
_a
eng
082
_a
339 RAO
100
_a
RAO S L
245
_a
POWERING INDIA A DECADE OF POLICIES AND
260
_c
2011
_a
New Delhi
_b
Academic Foundation
300
_a
312 : p.
365
_c
RS
_b
25
999
_c
19290
_d
19290